Welcome to the Holygrace Academy Library

Please use search bar below to get started

TEXT BOOK OF LINEAR PROGRAMMING - 1 (Record no. 1653)

MARC details
000 -LEADER
fixed length control field 00335nam a22001337a 4500
020 ## - INTERNATIONAL STANDARD BOOK NUMBER
ISBN 81-8356-002-4
082 ## - DEWEY DECIMAL CLASSIFICATION NUMBER
Classification number 004
Item number SHA/T
100 ## - MAIN ENTRY--AUTHOR NAME
Personal name SHARMA, A.K
245 ## - TITLE STATEMENT
Title TEXT BOOK OF LINEAR PROGRAMMING - 1
260 ## - PUBLICATION, DISTRIBUTION, ETC. (IMPRINT)
Place of publication DELHI
Name of publisher DISCOVERY PUBLISHING HOUSE
Year of publication 2005
300 ## - PHYSICAL DESCRIPTION
Number of Pages 266
650 ## - SUBJECT ADDED ENTRY--TOPICAL TERM
Topical Term COMPUTER SCIENCE REFERENCE
Geographic subdivision INDIA
942 ## - ADDED ENTRY ELEMENTS (KOHA)
Koha item type Books
Holdings
Withdrawn status Lost status Collection code Home library Current library Shelving location Date acquired Source of acquisition Cost, normal purchase price Full call number Accession Number Koha item type
    Reference Main Library Main Library SHELF-5- I - REFERENCE ECONOMICS COMPUTER SCIENCE 18/03/2006 purchase 175.00 004 SHA/T 02275 Books